| 000 | 00680nam a2200241Ia 4500 | ||
|---|---|---|---|
| 003 | OSt | ||
| 005 | 20220918183654.0 | ||
| 006 | a|||||r|||| 00| 0 | ||
| 007 | ta | ||
| 008 | 220917b |||||||| |||| 00| 0 eng d | ||
| 024 | _a39,621 | ||
| 037 | _cTextual | ||
| 040 |
_aARTS _cARTS _beng |
||
| 041 |
_2eng _aeng |
||
| 082 | _aO15:9xJ88:1, J3 | ||
| 100 |
_aSiddhichandra Gani _963324 |
||
| 245 | 0 | _aKavya prakasha Khandana ed by Rasik Lal Chota Lal Parikh | |
| 260 | _c1953 | ||
| 490 | _aSinghi Jain Series ed by Jina Vijaya Muni; 40 | ||
| 650 | _aENGLISH LITERATURE | ||
| 942 |
_hO15:9xJ88:1, J3 _cTEXL _2CC |
||
| 999 |
_c173415 _d173415 |
||